MARC

LEADER 00000nam0a2200000 4500
001 251067
005 20231101232625.0
035 |a (RuTPU)RU\TPU\book\273321 
090 |a 251067 
100 |a 20140218d1970 m y0rusy50 ca 
101 0 |a rus 
102 |a RU 
105 |a y j 000zy 
200 1 |a Методические разработки по химии для готовящихся к поступлению на химический факультет ТПИ  |f З. С. Коновалова [и др.]  |g Томский политехнический институт (ТПИ) 
210 |a Томск  |c Изд-во ТПИ  |d 1970 
215 |a 114 с. 
606 1 |a Химия  |2 stltpush  |3 (RuTPU)RU\TPU\subj\17362  |9 43035 
610 1 |a основные понятия 
610 1 |a законы химии 
610 1 |a неорганические соединения 
610 1 |a соли 
610 1 |a растворы 
610 1 |a электролитическая диссоциация 
610 1 |a атом 
610 1 |a периодический закон Менделеева 
610 1 |a неорганическая химия 
610 1 |a металлы 
610 1 |a органические соединения 
610 1 |a строение 
610 1 |a труды учёных ТПУ 
675 |a 54(075.4)  |v 3 
701 1 |a Коновалова  |b З. С. 
701 1 |a Новикова  |b Е. С. 
701 1 |a Сакович  |b Л. Г. 
701 1 |a Ходалевич  |b Г. Н. 
712 0 2 |a Томский политехнический институт (ТПИ)  |c (1944-1991)  |2 stltpush  |3 (RuTPU)RU\TPU\col\1123 
801 1 |a RU  |b 63413507  |c 20140218 
801 2 |a RU  |b 63413507  |c 20160629  |g RCR 
942 |c BK